The Office of the comptroller of the currency ; its history, activities and organization /

Bibliographic Details
Main Author: Heinberg, John Gilbert
Format: Book
Language:English
Published: Baltimore, Md. : The Johns Hopkins press, 1926.
Series:Service monographs of the United States Government ; no. 38.
Subjects:

MARC

Tag First Indicator Second Indicator Subfields
LEADER 00000cam a2200000 4500
001 in00000060231
005 20151008051614.0
008 780316s1926 mdu b 00000 eng d
010 |a  26009604  
035 |a (OCoLC)03724820 
035 |9 AAG8926AM 
040 |a TLM  |c TLM  |d TXA  |d UtOrBLW 
049 |a TXAM  |c [33074] 
050 0 |a HG2543  |b .H4 
092 |a 336.73  |b H46o 
100 1 |a Heinberg, John Gilbert. 
245 1 4 |a The Office of the comptroller of the currency ;  |b its history, activities and organization /  |c by John Gilbert Heinberg. 
264 1 |a Baltimore, Md. :  |b The Johns Hopkins press,  |c 1926. 
300 |a 84 pages 
336 |a text  |b txt  |2 rdacontent 
337 |a unmediated  |b n  |2 rdamedia 
338 |a volume  |b nc  |2 rdacarrier 
490 1 |a Service monographs of the United States government,  |v no. 38 
610 1 0 |a United States.  |b Office of the Comptroller of the Currency. 
830 0 |a Service monographs of the United States Government ;  |v no. 38. 
999 |a MARS 
999 f f |s 1a8089a1-bb29-31ad-87b5-ebea6535b0a7  |i 527e5288-f71e-3199-b576-30789fde8305  |t 0 
952 f f |p ric  |a Texas A&M University  |b Rellis Campus  |c Joint Library Facility  |d Remote Storage  |t 0  |e HG2543 .H4  |h Library of Congress classification  |i unmediated -- volume  |m A14800752010 
998 f f |a HG2543 .H4  |t 0  |l Remote Storage